The seven lamps of architecture (Record no. 57353)

MARC details
000 -LEADER
fixed length control field 00712nam a2200181 a 4500
008 - FIXED-LENGTH DATA ELEMENTS--GENERAL INFORMATION
fixed length control field 120416s1989 ||||||||||||||||| || u
020 ## - INTERNATIONAL STANDARD BOOK NUMBER
International Standard Book Number 048626145X
050 ## - LIBRARY OF CONGRESS CALL NUMBER
Classification number NA 2550 Rus
100 ## - MAIN ENTRY--PERSONAL NAME
Personal name Ruskin, John, 1819-1900
245 14 - TITLE STATEMENT
Title The seven lamps of architecture
260 ## - PUBLICATION, DISTRIBUTION, ETC.
Place of publication, distribution, etc. London:
Name of publisher, distributor, etc. Dover Publicatios, Inc
Date of publication, distribution, etc. 1989
300 ## - PHYSICAL DESCRIPTION
Extent 222p. : ill.
350 ## - PRICE (NR) (BK AM CF MU VM SE) [OBSOLETE]
Price 0.00
500 ## - GENERAL NOTE
General note Reprint. Previously published: Sunnyside, Orpington, Kent : G. Allen. 1880.
650 ## - SUBJECT ADDED ENTRY--TOPICAL TERM
Topical term or geographic name entry element TEXTBOOKS
856 ## - ELECTRONIC LOCATION AND ACCESS
Uniform Resource Identifier <a href="http://www.loc.gov/catdir/description/dover033/89030498.html">http://www.loc.gov/catdir/description/dover033/89030498.html</a>
995 ## - RECOMMENDATION 995 [LOCAL, UNIMARC FRANCE]
-- 0.00
-- CBU-MAIN LIBRARY (Kitwe)
-- 1
-- 11.95
-- 1
-- AVAILABLE
-- Main Library Open Access Collection
Holdings
Withdrawn status Lost status Source of classification or shelving scheme Damaged status Not for loan Home library Current library Shelving location Date acquired Total Checkouts Full call number Barcode Date last seen Date last checked out Price effective from Koha item type
          CBU-MAIN LIBRARY, KITWE. CBU-MAIN LIBRARY, KITWE.   11/30/2022 1 NA 2550 Rus 39708 03/23/2026 02/26/2026 11/30/2022 MONOGRAPH